Estàndards de disseny : edificis d'habitatges en règim de protecció oficial edificis d'habitatges en règim de protecció oficial
Publicado:
Barcelona :
Diputació de Barcelona : Institut d'Urbanisme, Habitatge i Activitats Locals, [2007]
Descripción Física:
56 p. ; 30 cm
MARC
| LEADER | 00000nam a2200000Ia 4500 | ||
|---|---|---|---|
| 001 | 21111 | ||
| 003 | BGR | ||
| 005 | 20260324175958.0 | ||
| 008 | 160829s9999 xx 000 0 cat d | ||
| 080 | |a C-3-154 | ||
| 245 | |a Estàndards de disseny : |b edificis d'habitatges en règim de protecció oficial | ||
| 260 | |a Barcelona : |b Diputació de Barcelona : |b Institut d'Urbanisme, Habitatge i Activitats Locals, [2007] | ||
| 300 | |a 56 p. ; |c 30 cm | ||
| 650 | |a Habitatge públic |x Normes |9 43099 | ||
| 650 | |a Habitatge públic |x Disseny |9 43100 | ||
| 710 | 1 | |a Barcelona (Catalunya : Província). |b Diputació |9 52408 | |
| 710 | 1 | |a Institut d'Urbanisme, Habitatge i Activitats Locals (Barcelona) |9 71110 | |
| 901 | |a Arxiu | ||
| 942 | |n 1 |2 udc |c MON | ||
| 952 | |0 0 |1 0 |4 0 |6 C3154 |7 1 |9 51197 |a Arxiu |b Arxiu |d 2016-12-01 |l 0 |o C-3-154 |p 21111 |r 2016-12-01 00:00:00 |w 2016-12-01 |y ARXIU | ||
| 999 | |c 55040 |d 55040 | ||